000 00518nam a22001577a 4500
003 JO-AjAnu
005 20231202132407.0
008 231202b jo ||||| |||| 00| 0 ara d
040 _beng
_cJO-AjAnu
_dANU
100 _aSmith, Luk Brandon
_964589
_eauther
245 _aTRADING STRATEGIES FOR BEGINNERS :
_bThe Absolute Guide to the Trading Which Is Changing the World and Your Finances /
_cSmith, Luk Brandon
260 _aAmman:
_bABC Books،
_c2021
300 _a66 pages
650 _vTrading
942 _2lcc
_cBK
_n0
999 _c33220
_d33220